El área 18 /

Guardado en:
Autor Principal: Fontanarrosa, Roberto
Formato: Libro
Publicado: Buenos Aires : Ediciones de la Flor
Edición:9a. ed.
Materias:
Etiquetas: Agregar Etiqueta
Sin Etiquetas, Sea el primero en etiquetar este registro!
LEADER 00655nam a22002295a 4500
001 CEM.cems012558
008 130507b----##################000#0#####d
005 20211110172405.0
003 CEMS
245 1 0 |a El área 18 /  |c Roberto Fontanarrosa 
250 |a 9a. ed. 
260 |a Buenos Aires :  |b Ediciones de la Flor 
300 |a 251 p. 
590 |a 1040.013 
020 |a 950515156X 
100 1 |a Fontanarrosa, Roberto 
082 0 4 |a A863.4 
653 |a Literatura argentina 
653 |a Literatura 
653 |a Biblioteca TC 
859 |a CEMS  |b BIB. CEMS - 11 de abril  |h A863.4  |i F734-1  |p 23906.07  |t Ej.1 
859 |a CEMS  |b BIB. CEMS - 11 de abril  |h TC  |p 1040.013  |t Ej.2